| 000 | 01291cam a2200325 a 4500 | ||
|---|---|---|---|
| 999 |
_c28441 _d28412 |
||
| 001 | 17108200 | ||
| 003 | EG-ScBUE | ||
| 005 | 20200805113420.0 | ||
| 008 | 120106s2016 enka f b 001 0 eng d | ||
| 020 | _a9781409426783 (hardback : alk. paper) | ||
| 040 |
_aDLC _beng _erda _cDLC _dDLC _dEG-ScBUE |
||
| 043 | _ae-it--- | ||
| 082 | 0 | 4 |
_a322.40945 _bMAT _222 |
| 100 | 1 |
_aMattoni, Alice, _d1978- _eauthor. |
|
| 245 | 1 | 0 |
_aMedia practices and protest politics : _bhow precarious workers mobilise / _cAlice Mattoni, University of Pittsburgh, USA. |
| 264 | 1 |
_aMilton Park, Abingdon, Oxon ; _aNew York, NY : _bRoutledge, Taylor and Francis Group, _c2016. |
|
| 300 |
_axv, 197 pages : _billustrations ; _c24 cm |
||
| 336 |
_2rdacontent _atext _btxt |
||
| 337 |
_2rdamedia _aunmediated _bn |
||
| 338 |
_2rdacarrier _avolume _bnc |
||
| 504 | _aIncludes bibliographical references and index. | ||
| 650 | 7 |
_aPolitical participation _zItaly. _2BUEsh |
|
| 650 | 7 |
_aSocial movements _zItaly. _2BUEsh |
|
| 650 | 7 |
_aCommunication in politics _zItaly. _2BUEsh |
|
| 653 |
_bCOMAME _cJuly2020 |
||
| 655 |
_vReading book _934232 |
||
| 906 |
_a7 _bcbc _corignew _d1 _eecip _f20 _gy-gencatlg |
||
| 942 |
_2ddc _cBB |
||